000 01242nam a2200313 a 4500
001 000042064
003 DO-SdBPM
005 20251212115435.0
007 ta
008 131112s2013 dr c r 000 0 spa d
020 _a9789945492309
040 _aDO-SdBPM
_bspa
_cBPMSU
_drda
082 _aRD862.5
_bF418f 2013
_222
111 2 _aFestival Internacional de Teatro Santo Domingo
_n(7 :
_d2011 :
_cSanto Domingo, República Dominicana)
245 1 0 _aForo teatral :
_brecopilación de críticas de obras teatrales presentadas en el foro crítico del VII festival internacional de teatro Santo Domingo 2011.
264 _aSanto Domingo, :
_bDirección General de la Feria del Libro,
_c2013.
300 _a109 páginas :
_bretrato ;
_c23 cm.
336 _atexto
_btxt
_2rdacontent
337 _asin mediación
_bn
_2rdamedia
338 _avolumen
_bnc
_2rdacarrier
590 _aInventariado, 2025/VM
650 7 _aTeatro dominicano
650 7 _aTeatro dominicano
_xCongresos, conferencias, etc.
650 z _aDominican drama
740 0 2 _aVII Festival Internacional de Teatro de Santo Domingo
740 0 2 _aSéptimo Festival Internacional de Teatro de Santo Domingo
910 _aVMateo V. Control de calidad. BPMSU
942 _2ddc
_cBK
999 _c15579
_d15579